000 00902cam a2200277 i 4500
999 _c64865
_d64865
001 64865
003 Mx-PuUPA
005 20210403210546.0
008 080604s2007 sp s 001 0 spa d
020 _a9786074386691
040 _aMx-PuUPA
_bspa
_cMx-PuUPA
_dMx-PuUPA
_erda
041 0 _aspa
100 1 _aAlvarez Rocha, Ma. del Rosario,
_99885
_eautor
245 1 0 _aContabilidad avanzada /
_cMa. del Rosario Alvarez Rocha, José Antonio Morales Castro
250 _aPrimera edición
264 4 _aMéxico, D.F. :
_bGrupo Editorial Patria,
_c©2013
300 _axvii, 279 páginas ;
_c25 cm
336 _atexto
_2rdacontent
_btxt
337 _asin medio
_2rdamedia
_bn
338 _avolumen
_2rdacarrier
_bnc
650 4 _aContabilidad
700 1 _aMorales Castro, José Antonio,
_eautor
942 _2ddc
_cLI
_h657.046
_iA472